Errate die Rockband an Fotos - Statistiken

Allgemein
  • Dieses Quiz wurde 200 mal gespielt
  • Das Durchschnittsergebnis liegt bei 4 aus 7
Antwortstatistiken
Bildquiz Antwort % Korrekt
Queen
97%
Guns n roses
87%
The Rolling Stones
60%
The Beatles
55%
Nirvana
44%
Metallica
40%
AC/DC
31%
Keine übereinstimmenden Quizze gefunden
Verteilung der Resultate
Anzahl Personen mit jedem Resultat
Perzentil nach korrekt beantworteten Fragen
Ihre Resultats-Entwicklung
Sie haben dieses Quiz noch nicht gespielt